Superman versus the Silver Banshee / (Record no. 2801)

MARC details
000 -LEADER
fixed length control field 01212cam a22003737i 4500
001 - CONTROL NUMBER
control field 2801
003 - CONTROL NUMBER IDENTIFIER
control field FISKH
005 - DATE AND TIME OF LATEST TRANSACTION
control field 20240115160704.0
008 - FIXED-LENGTH DATA ELEMENTS--GENERAL INFORMATION
fixed length control field 120326s2013 nyua j 000 1 eng
010 ## - LIBRARY OF CONGRESS CONTROL NUMBER
LC control number 2012936203
020 ## - INTERNATIONAL STANDARD BOOK NUMBER
International Standard Book Number 9780061885242
020 ## - INTERNATIONAL STANDARD BOOK NUMBER
International Standard Book Number 006188524X
020 ## - INTERNATIONAL STANDARD BOOK NUMBER
International Standard Book Number 9780061885242
040 ## - CATALOGING SOURCE
Original cataloging agency DLC
Language of cataloging eng
Transcribing agency DLC
Description conventions rda
Modifying agency DLC
050 00 - LIBRARY OF CONGRESS CALL NUMBER
Classification number MLCM 2013/42035 (P)
082 ## - DEWEY DECIMAL CLASSIFICATION NUMBER
Classification number PZ7.L444
100 1# - MAIN ENTRY--PERSONAL NAME
Personal name Lemke, Donald B.
245 10 - TITLE STATEMENT
Title Superman versus the Silver Banshee /
Statement of responsibility, etc. by Donald Lemke ; pictures by Andy Smith.
250 ## - EDITION STATEMENT
Edition statement First Edition.
260 ## - PUBLICATION, DISTRIBUTION, ETC.
Place of publication, distribution, etc. New York :
Name of publisher, distributor, etc. Harper Collins,
Date of publication, distribution, etc. 2013.
300 ## - PHYSICAL DESCRIPTION
Extent 32 pages :
Other physical details color illustrations ;
Dimensions 23 cm.
336 ## - CONTENT TYPE
Content type term text
Source rdacontent
337 ## - MEDIA TYPE
Media type term unmediated
Source rdamedia
338 ## - CARRIER TYPE
Carrier type term volume
Source rdacarrier
490 0# - SERIES STATEMENT
Series statement I can read! ;
Volume/sequential designation reading 2 with help
505 ## - FORMATTED CONTENTS NOTE
Formatted contents note O<br/>
520 ## - SUMMARY, ETC.
Summary, etc. The Silver Banshee has come screeching into Metropolis, and she's on a mission to steal an ancient magical book.
521 8# - TARGET AUDIENCE NOTE
Target audience note 600<br/>
Source Lexile<br/>
521 8# - TARGET AUDIENCE NOTE
Target audience note O<br/>
Source Raz-Plus<br/>
650 ## - SUBJECT ADDED ENTRY--TOPICAL TERM
Topical term or geographic name entry element Super Heroes
Form subdivision Juvenile literature
700 1# - ADDED ENTRY--PERSONAL NAME
Personal name Smith, Andy,
Dates associated with a name 1969-
Relator term illustrator.
906 ## - LOCAL DATA ELEMENT F, LDF (RLIN)
a 7
b cbc
c orignew
d 4
e ncip
f 20
g y-gencatlg
942 ## - ADDED ENTRY ELEMENTS (KOHA)
Source of classification or shelving scheme Dewey Decimal Classification
Koha item type Books
Suppress in OPAC No
Holdings
Withdrawn status Lost status Source of classification or shelving scheme Damaged status Not for loan Collection Home library Current library Shelving location Date acquired Total Checkouts Full call number Barcode Date last seen Date last checked out Price effective from Koha item type
    Dewey Decimal Classification     Juvenile Fiction Footprints International School Library Network Toul Kork Campus Footprints International School Library Network Toul Kork Campus TK Primary Library Room(4th Floor), Bookcase 3&4, Shelves 17-32, Yellow Books 01/15/2024 1 LEM 032 PZ7.L444 FISTK01285 12/03/2024 08/23/2024 01/15/2024 Books